000 00202nam a22000857a 4500
008 170612b xxu||||| |||| 00| 0 eng d
100 _93346
_aGupta A. D
245 _aMath Steps - 2
260 _aNew Delhi
_c2010
999 _c6675
_d6675